| 000 | 00579nam a2200193Ia 4500 | ||
|---|---|---|---|
| 003 | GCL | ||
| 008 | 140319s9999 xx 000 0 eng d | ||
| 040 |
_aGCL / _cGCL |
||
| 082 | 0 | 4 |
_aP _b300.5 _bN L |
| 100 | 1 | _aLOCH,KLOUS FRIEDRICH | |
| 245 | 1 | 0 |
_aLAW AND SOCIAL CHANGE IN CONTEMPOROAY EGYPT / _cLOCH,KLOUS FRIEDRICH |
| 700 | 1 | _aNELSON, CYNTHIA | |
| 260 |
_a[S.N] : _bAMERICAN UNIVERSITY IN CAIRO PRESS ، _c1983 |
||
| 300 | _a178 | ||
| 490 |
_aTHE WADSWORTH INTERNATIONAL DIMENSION OF BUSINESS _v0 |
||
| 650 | 0 | 4 | _aPERIODICALS |
| 650 | 0 | 4 | _aSOCIAL SCIENCE |
| 942 |
_2ddc _cCR |
||
| 999 |
_c25878 _d25878 |
||